Countries Bordering Island Countries - Statistics

General Stats
  • This quiz has been taken 220 times
    82 since last reset
  • The average score is 9 of 10
Answer Stats
Bordering Island Answer % Correct
East Timor Indonesia
100%
Papua New Guinea Indonesia
100%
Brunei Malaysia
99%
Indonesia Malaysia
99%
Indonesia East Timor
95%
Ireland United Kingdom
94%
United Kingdom Ireland
92%
Indonesia Papua New Guinea
92%
Dominican Republic Haiti
90%
Haiti Dominican Republic
89%
No matching quizzes found
Score Distribution
Percent of People with Each Score
Percentile by Number Answered
Your Score History
You have not taken this quiz since the last reset